000 00700nam a22001817a 4500
999 _c18440
_d18440
003 AR-CdUCM
008 190514b ||||| |||| 00| 0 spa d
040 _aMUNICIPALIDAD PROVINCIAL DEL CUSCO
_cBIBLIOTECA MUNICIPAL DEL CUSCO
082 _a920 /
_bC26
100 _aCarnegie, Dale.
_939036
245 _aCuarenta biografías anecdóticas /
260 _aMéxico :
_bLatino América,
_c1957.
300 _a216 páginas ;
_c20 cm.
505 _aContenido :Cómo George Shaw llegó a ser G. B. S. -- El único negocio que no quiso hacer Mark Twain -- Aventuras de un trotamundos -- Radiografía de una canción ...
650 _aBiografías.
_9148
942 _2ddc
_cLIBROS
945 _arum
_d2019-05-14